00950nam a2200181 a 450000100100000000500170001000800410002702000180006804000250008624501520011126000360026330000360029950000710033595201200040695201140052695201110064099900170075100003917020201002031528.0130606s2013 dr ac 000 0 spa d a9789945408768 aDO-SdBNPbspacBNPHU00aRestauración 108 altos :bmemorias de la Asociación de Estudiantes Universitarios de San José de las Matas /ceditor Piero Espinal Estévez. aSanto ADomingo :bArgos,c2013. a366 p. :bil., retrs. ;c24 cm. aIncluye datos biográficos del editor en la solapa de la cubierta 001052708DSaGRbGRcCTd2013-06-06iLF1l0o p39170-30r2020-06-25te. 3w2020-06-25yLFDSZPréstamo interno 001052708PDaPDbPDcCTd2013-06-06iLF1l0o p39170-10r2020-06-25w2020-06-25yLFPDZPréstamo interno 0010718PDaPDbPDcCTd2013-06-06iLF1l0o p39170-20r2020-06-25te. 2w2020-06-25yLFPDZNo se presta c38660d38660